№ 7; Электричество

Dettagli Bibliografici
Parent link:Электричество: теоретический и научно-практический журнал/ Российская академия наук (РАН), Отделение энергетики, машиностроения, механики и процессов управления ; Научно-техническое общество энергетики и электротехнической промышленности. № 7.— , 1886-
Lingua:russo
Pubblicazione: 2013
Natura: Libro
KOHA link:https://koha.lib.tpu.ru/cgi-bin/koha/opac-detail.pl?biblionumber=517928

MARC

LEADER 00000nam2a2200000 4500
001 517928
005 20231101105757.0
035 |a (RuTPU)RU\TPU\prd\196260 
090 |a 517928 
100 |a 20130924a18809999k y0rusy50 ca 
101 0 |a rus 
102 |a RU 
200 0 |a № 7 
210 |d 2013 
461 1 |0 (RuTPU)RU\TPU\prd\447  |t Электричество  |o теоретический и научно-практический журнал  |f Российская академия наук (РАН), Отделение энергетики, машиностроения, механики и процессов управления ; Научно-техническое общество энергетики и электротехнической промышленности  |v № 7  |d 1886- 
801 0 |a RU  |b 63413507  |c 20010227  |g PSBO 
801 1 |a RU  |b 63413507  |c 20130924 
801 2 |a RU  |b 63413507  |c 20230628  |g RCR 
942 |c BK 
999 |a НТБ_ТПУ  |b НФ  |e -1/20130109  |p П-913  |s 3/20130508  |u 0,00  |v 1